Sledujet li nam eksportirovat' oružije?
Podpora exportu zbraní západnými krajinami. Dynamika zmien dodávok zbraní hlavných svetových vývozcov zbraní v r. 1986-1990. Hlavní dovozcovia zbraní zo ZSSR v r. 1987-1990. Dominantná úloha USA v exporte vojenskej techniky na Blízky Východ. Rast trhu pre lietadlá. Opatrenia západných vývozcov na ud...
Guardado en:
| Autor principal: | |
|---|---|
| Formato: | Capítulo de libro |
| Lenguaje: | ruso |
| Materias: | |
| Etiquetas: |
Sin Etiquetas, Sea el primero en etiquetar este registro!
|
MARC
| LEADER | 00000naa a2200000 4500 | ||
|---|---|---|---|
| 001 | r010590 | ||
| 005 | 20221130113330.3 | ||
| 041 | 0 | |a rus | |
| 044 | |a [SU] | ||
| 245 | 1 | 0 | |a Sledujet li nam eksportirovat' oružije? |c S. Akimov |
| 520 | |a Podpora exportu zbraní západnými krajinami. Dynamika zmien dodávok zbraní hlavných svetových vývozcov zbraní v r. 1986-1990. Hlavní dovozcovia zbraní zo ZSSR v r. 1987-1990. Dominantná úloha USA v exporte vojenskej techniky na Blízky Východ. Rast trhu pre lietadlá. Opatrenia západných vývozcov na udržanie a rozšírenie trhov zbraní (platby, prezbrojovanie a modernizácia..). | ||
| 610 | 2 | 0 | |a zbrojenie |
| 610 | 2 | 0 | |a dovoz |
| 610 | 2 | 0 | |a vývoz |
| 610 | 2 | 0 | |a trh medzinárodný |
| 610 | 2 | 0 | |a USA |
| 610 | 2 | 0 | |a priemysel zbrojársky |
| 610 | 2 | 0 | |a údaje štatistické |
| 610 | 2 | 0 | |a 1986-1990 |
| 610 | 2 | 0 | |a Spoločenstvo nezávislých štátov |
| 100 | 1 | |a Akimov, S. | |